| 000 | 00376nam a2200133Ia 4500 | ||
|---|---|---|---|
| 005 | 20260328104314.0 | ||
| 008 | 260328s9999||||xx |||||||||||||| ||und|| | ||
| 100 | _aRojas Mix, Miguel | ||
| 245 | 0 |
_aLa Plaza Mayor : _b el Urbanismo , instrumento del dominio Colonial. / _cMiguel Rojas Mix |
|
| 260 | _bMuchnik | ||
| 300 | _a235 p. | ||
| 650 | _aPLAZAS Y PARQUES | ||
| 942 | _cBK | ||
| 999 |
_c11090 _d11090 |
||